01794cam a22002535a 45000010009000000050017000090080041000260200018000670400075000850820023001601000027001832450076002102600051002863000034003375000024003715040042003955050823004376500051012606510010013116530032013219420008013539990017013619520162013781619808120160120140405.0100420t2011 maua frbb 001 0 eng d a9780763765682 aDNLM/DLCbengcDLCdNLMdYDXCPdC#PdBWXdCDXdDLCdEG-ScBUEdEG-ScBUE04a610.73072bTAP2221 aTappen, Ruth M.93911810aAdvanced nursing research :bfrom theory to practice /cRuth M. Tappen. aSudbury :bJones & Bartlett Learning,cc.2011. axvi, 504 p. :bill. ;c24 cm. aIndex : p. 483-504. aIncludes bibliographical references. 0 aIdentifying a research topic -- Reviewing the literature -- Theory -- Quantitative or qualitative research? -- Experimental research designs -- Descriptive research designs, mixed methods, and meta-analysis -- Epidemiology and longitudinal designs -- Sampling -- Reliability -- Validity -- Trustworthiness of qualitative research -- Research ethics -- Participant recruitment -- Data collection : testing and observation -- Data collection : interviewing -- Internet, secondary analysis, and historical research -- Intervention -- Quantitative data management -- Basic quantitative data analysis -- Inferential analysis -- Analyzing qualitative data -- Presenting your research findings -- Publishing your research results -- Preparing research proposals -- Evidence-based practice -- Developing a program of research. 7aNursing xResearchxMethodology.2BUEsh936305 2BUEsh bNNURcJuly2015cJanuary2016 2ddc c20236d20208 00102ddc40708BaccahaMAINbMAINc1STd2015-07-06ePurchaseg351.00h22353l20m132o610.73072 TAPp000039447r2025-07-15 00:00:00s2025-05-05v439.00yBB